000 00776cam a2200229 4500
001 ABS62677
008 000000n2000 000 0 eng u
035 _a(Sirsi) u107873
100 _aZack, J.
245 _aPacing delays - the practical effect
260 _c2000
490 _aCost Engineering
_v42(7) July 2000, 23-28(6)
520 _aIdentifies, defines and discusses pacing delays, a new 'type of delay' in contract claims in the United States. Considers how they affect the contractor's right of recovery of delay damages.
590 _aABS
650 _aDELAYS
650 _aPACING DELAY
650 _aCONTRACT CLAIMS
650 _aNON-EXCUSABLE DELAY
650 _aEXCUSABLE DELAY
690 _aBUILT ENVIRONMENT-BUILDING CONTRACT FORMS
942 _n0
999 _c64433
_d64433